| 000 | 00689nam a22001817a 4500 | ||
|---|---|---|---|
| 005 | 20260312152217.0 | ||
| 010 | _aHIN-131112 | ||
| 020 |
_a9789390823062 _c750.00 |
||
| 035 | _aHN-103458 | ||
| 037 | _bDBAD | ||
| 082 |
_a6137046 _21 |
||
| 100 |
_aकाजला,निकिता _988418 |
||
| 245 |
_aयोग शिक्षा/ _cनिकिता,काजला |
||
| 260 |
_aपिलानी _bस्वेता मल्टीमीडिया _c2024 |
||
| 270 |
_a83, शिवकॉलोनी,राजगढ़, _bजयपुर _e333031 |
||
| 300 |
_a271पृ. _c22सेमी (अजिल्द) |
||
| 942 |
_2ddc _cHN _h613.7046 _mकाजला |
||
| 999 |
_c215545 _d215545 |
||